[Event "British Rapidplay"]
[Site "Peterborough"]
[Date "2024.03.02"]
[Round "6"]
[White "Garnett, John S"]
[Black "Kaushik, Madhav"]
[Result "1/2-1/2"]
[WhiteElo "1878"]
[BlackElo "1756"]
[PlyCount "40"]
[EventDate "2024.03.02"]
[EventType "swiss (rapid)"]
[EventRounds "11"]
[EventCountry "ENG"]
[SourceTitle "CB10_2024"]
[SourceDate "2024.03.06"]
[SourceVersion "1"]
[SourceVersionDate "2024.03.06"]
[SourceQuality "1"]

1. d4 Nf6 2. Bg5 d5 3. e3 c5 4. Bxf6 gxf6 5. c4 cxd4 6. Qxd4 Nc6 7. Qd2 d4 8. exd4 Qxd4 9. Nf3 Qxd2+ 10. Nbxd2 Bf5 11. a3 a5 12. Be2 e5 13. 0-0 Be7 14. Rfd1 0-0 15. Nf1 Rfd8 16. Ne3 Be6 17. Nd5 Kf8 18. Rd2 e4 19. Ne1 f5 20. Rad1 Bg5 1/2-1/2

[Event "Harrogate 4NCL op 31st"]
[Site "Harrogate"]
[Date "2024.01.20"]
[Round "3"]
[White "Pitel, Benedikt"]
[Black "Garnett, John S"]
[Result "0-1"]
[WhiteElo "1600"]
[BlackElo "1791"]
[PlyCount "58"]
[EventDate "2024.01.19"]
[EventType "swiss"]
[EventRounds "5"]
[EventCountry "ENG"]
[SourceTitle "CB05_2024"]
[SourceDate "2024.01.31"]
[SourceVersion "1"]
[SourceVersionDate "2024.01.31"]
[SourceQuality "1"]

1. e4 d5 2. exd5 Nf6 3. d4 Bg4 4. Nf3 Qxd5 5. Be2 Nc6 6. 0-0 0-0-0 7. c4 Qf5 8. Be3 e5 9. d5 e4 10. Nd4 Nxd4 11. Bxg4 Nxg4 12. Qxd4 c5 13. Qc3 Bd6 14. h3 Nxe3 15. Qxe3 Qe5 16. g3 f5 17. Nc3 g5 18. Rfe1 h5 19. Nb5 h4 20. Qxg5 hxg3 21. fxg3 Rxh3 22. Nxd6+ Rxd6 23. Kg2 Rdh6 24. Qg8+ Kc7 25. d6+ Kb6 26. Re2 Rh2+ 27. Kf1 Rh1+ 28. Kf2 Qd4+ 29. Re3 R6h2# 0-1

[Event "BCF-chT4 2223 (4NCL)"]
[Site "England"]
[Date "2023.03.26"]
[Round "8.71"]
[White "Maton, Emily"]
[Black "Garnett, John S"]
[Result "0-1"]
[WhiteElo "1695"]
[BlackElo "1953"]
[PlyCount "50"]
[EventDate "2022.11.05"]
[EventType "team-swiss"]
[EventRounds "11"]
[EventCountry "ENG"]
[SourceTitle "EXT 2024"]
[Source "ChessBase"]
[SourceDate "2023.10.10"]
[SourceVersion "1"]
[SourceVersionDate "2023.10.10"]
[SourceQuality "1"]
[WhiteTeam "She Plays To Win Lionesses"]
[BlackTeam "Ashfield II"]
[WhiteTeamCountry "ENG"]
[BlackTeamCountry "ENG"]

1. c4 c5 2. Nc3 Nc6 3. g3 g6 4. Bg2 Bg7 5. d3 e5 6. e4 Nge7 7. Nge2 0-0 8. 0-0 f5 9. f4 fxe4 10. Bxe4 d6 11. Nd5 Bh3 12. Nxe7+ Qxe7 13. Bg2 Bxg2 14. Kxg2 Rae8 15. Nc3 exf4 16. Bxf4 Nd4 17. Nd5 Qd7 18. h4 Re2+ 19. Rf2 Rfe8 20. Ne3 R8xe3 21. Bxe3 Rxe3 22. h5 Be5 23. Qh1 Qc6+ 24. Kg1 Rxg3+ 25. Rg2 Ne2+ 0-1

[Event "BCF-chT3W 2223 (4NCL)"]
[Site "England"]
[Date "2023.02.04"]
[Round "5.65"]
[White "Pardoe, David"]
[Black "Garnett, John S"]
[Result "0-1"]
[WhiteElo "1797"]
[BlackElo "1942"]
[PlyCount "64"]
[EventDate "2022.10.22"]
[EventType "team-tourn"]
[EventRounds "11"]
[EventCountry "ENG"]
[SourceTitle "EXT 2024"]
[Source "ChessBase"]
[SourceDate "2023.10.10"]
[SourceVersion "1"]
[SourceVersionDate "2023.10.10"]
[SourceQuality "1"]
[WhiteTeam "Manchester Manticores"]
[BlackTeam "Ashfield"]
[WhiteTeamCountry "ENG"]
[BlackTeamCountry "ENG"]

1. d4 d5 2. Bf4 Nf6 3. Nf3 c5 4. dxc5 e6 5. Nbd2 Bxc5 6. Nb3 Bd6 7. Bg3 Ne4 8. e3 Nd7 9. Bd3 Ndf6 10. c4 dxc4 11. Bxc4 Bb4+ 12. Kf1 0-0 13. Qc2 Qe7 14. Rd1 Rd8 15. a3 Bd6 16. Bd3 Nxg3+ 17. hxg3 g6 18. Nbd4 e5 19. Nb5 e4 20. Nxd6 Rxd6 21. Bc4 Rxd1+ 22. Qxd1 exf3 23. gxf3 Be6 24. Be2 Qd7 25. Qe1 Rc8 26. Kg2 Rc2 27. b4 Qd2 28. Qxd2 Rxd2 29. Bd1 Nd5 30. Ba4 Nxe3+ 31. Kg1 Nc2 32. Be8 Rd1+ 0-1

[Event "Harrogate 4NCL op-A 29th"]
[Site "Harrogate"]
[Date "2023.01.21"]
[Round "3"]
[White "Hilton, Tim"]
[Black "Garnett, John S"]
[Result "1/2-1/2"]
[WhiteElo "1846"]
[BlackElo "1831"]
[PlyCount "35"]
[EventDate "2023.01.20"]
[EventType "swiss"]
[EventRounds "5"]
[EventCountry "ENG"]
[SourceTitle "CBM 212 Extra"]
[Source "ChessBase"]
[SourceDate "2023.03.31"]
[SourceVersion "1"]
[SourceVersionDate "2023.03.31"]
[SourceQuality "1"]

1. d4 d5 2. Bf4 Nf6 3. e3 c5 4. Nc3 cxd4 5. exd4 e6 6. Nb5 Na6 7. c3 Be7 8. a4 0-0 9. Bd3 Bd7 10. Nf3 Bxb5 11. axb5 Nc7 12. Ne5 a6 13. bxa6 Nxa6 14. Qf3 Nb4 15. 0-0 Nxd3 16. Qxd3 Qb6 17. Qe2 Bd6 18. h3 1/2-1/2

[Event "BCF-chT3W 2223 (4NCL)"]
[Site "England"]
[Date "2023.01.14"]
[Round "3.44"]
[White "Garnett, John S"]
[Black "Rice, Christopher"]
[Result "1/2-1/2"]
[WhiteElo "1942"]
[BlackElo "1978"]
[PlyCount "113"]
[EventDate "2022.10.22"]
[EventType "team-tourn"]
[EventRounds "11"]
[EventCountry "ENG"]
[SourceTitle "EXT 2024"]
[Source "ChessBase"]
[SourceDate "2023.10.10"]
[SourceVersion "1"]
[SourceVersionDate "2023.10.10"]
[SourceQuality "1"]
[WhiteTeam "Ashfield"]
[BlackTeam "Kingston"]
[WhiteTeamCountry "ENG"]
[BlackTeamCountry "ENG"]

1. d4 Nf6 2. Bg5 c6 3. Bxf6 exf6 4. e3 d5 5. c4 dxc4 6. Bxc4 Bd6 7. Ne2 0-0 8. 0-0 Nd7 9. Nbc3 f5 10. Rc1 Nf6 11. d5 b5 12. Bb3 b4 13. Nb1 cxd5 14. Nd4 g6 15. Nc6 Qd7 16. Qd4 Bb7 17. Nxb4 a5 18. Nd3 a4 19. Bd1 Ne4 20. Nc3 Nxc3 21. Rxc3 Rfe8 22. Bf3 Qb5 23. Rd1 Rad8 24. Rc2 Bf8 25. Be2 Re4 26. Qf6 Be7 27. Qc3 Rc4 28. Qd2 Rxc2 29. Qxc2 Qc4 30. Qxc4 dxc4 31. Ne5 Rxd1+ 32. Bxd1 c3 33. bxc3 Bf6 34. Nd7 Bxc3 35. Bxa4 Bd5 36. Bb3 Bc6 37. Nb6 Kf8 38. Kf1 Ba5 39. Nc4 Bb5 40. Ke2 Bxc4+ 41. Bxc4 Ke7 42. f3 f6 43. Kd3 Bc7 44. h3 f4 45. e4 Kd6 46. Bg8 h6 47. Kc4 Kc6 48. Bd5+ Kd7 49. Kc5 Bd6+ 50. Kb6 Ba3 51. Kb5 g5 52. Bf7 Kd6 53. Kc4 Kc6 54. Kb3 Bc1 55. a4 Kc5 56. Be8 Bd2 57. Kc2 1/2-1/2

[Event "Harrogate 4NCL op-B 27th"]
[Site "Harrogate"]
[Date "2022.01.22"]
[Round "3"]
[White "Ashcroft, Graham J"]
[Black "Garnett, John S"]
[Result "1-0"]
[WhiteElo "1968"]
[BlackElo "1939"]
[PlyCount "87"]
[EventDate "2022.01.21"]
[EventType "swiss"]
[EventRounds "5"]
[EventCountry "ENG"]
[SourceTitle "CBM 206 Extra"]
[Source "ChessBase"]
[SourceDate "2022.03.31"]
[SourceVersion "1"]
[SourceVersionDate "2022.03.31"]
[SourceQuality "1"]

1. c4 e5 2. g3 Nc6 3. Bg2 g6 4. Nc3 Bg7 5. e4 d6 6. Nge2 f5 7. d3 Nf6 8. 0-0 0-0 9. Nd5 Nxd5 10. cxd5 Ne7 11. Be3 c6 12. dxc6 bxc6 13. d4 fxe4 14. Bxe4 Bh3 15. Bg2 Bxg2 16. Kxg2 Nd5 17. Qc2 Nxe3+ 18. fxe3 Qb6 19. Rac1 exd4 20. exd4 Bxd4 21. Qc4+ d5 22. Qxd4 Qa6 23. Nf4 Rae8 24. Rfe1 Qc8 25. Rxe8 Qxe8 26. h4 Rf5 27. Rc2 g5 28. hxg5 Rxg5 29. Re2 Qf7 30. Qe3 h5 31. Qe8+ Qxe8 32. Rxe8+ Kf7 33. Rc8 h4 34. Rxc6 Rxg3+ 35. Kf2 Rg4 36. Rc7+ Kf6 37. Nxd5+ Ke5 38. Ne3 Ra4 39. a3 Kd4 40. Rd7+ Kc5 41. Rh7 Rf4+ 42. Ke2 a5 43. Rh5+ Kb6 44. Nd5+ 1-0